| 000 | 01010cam a2200313 a 4500 | ||
|---|---|---|---|
| 001 | 13972443 | ||
| 003 | 0 | ||
| 005 | 20180717135136.0 | ||
| 008 | 050518s2005 ii a b 001 0 eng | ||
| 010 | _aB-121608 | ||
| 020 |
_a8176296287 (set) _c2000.00 per set |
||
| 020 | _a8176296260 (v. 1) | ||
| 020 | _a8176296279 (v. 2) | ||
| 037 | _c2000.00 per set | ||
| 040 |
_aDPL _c0 |
||
| 041 | 0 |
_aeng _asan |
|
| 082 |
_a810.8 _bGOE |
||
| 100 | 1 | _aGoel, Aruna. | |
| 245 | 1 | 0 |
_aAncient Sanskrit wisdom / _cby Aruna Goel. |
| 260 |
_aNew Delhi : _bDeep & Deep Publications, _cc2005. |
||
| 300 |
_a2 v. : _bV.2 x, 342p. _c25 cm. |
||
| 504 | _aIncludes bibliographical references and indexes. | ||
| 505 | 0 | _a1. Modern science and beyond -- 2. Current problems and solutions. | |
| 546 | _aIncludes passages in Sanskrit. | ||
| 650 | 0 |
_aVedic literature _xHistory and criticism. |
|
| 650 | 0 |
_aPhilosophy and science _zIndia. |
|
| 650 | 0 | _aPhilosophy, Indic. | |
| 942 |
_2ddc _cEN _h810.8 _mGOE |
||
| 999 |
_c154170 _d154170 |
||